Por los viejos caminos del mayab : ensayos históricos y literarios /
Colección de 16 ensayos sobre la historia política y sociocultural del estado de Yucatán, que presentan los acontecimientos, personajes, lugares y movimientos más representativos de la región.
Uloženo v:
| Hlavní autor: | |
|---|---|
| Další autoři: | |
| Médium: | Kniha |
| Jazyk: | španělština |
| Vydáno: |
Mérida, México :
Universidad de Yucatán,
1973
|
| Témata: | |
| Tagy: |
Žádné tagy, Buďte první, kdo vytvoří štítek k tomuto záznamu!
|
MARC
| LEADER | 00000nam^a2200000^a^4500 | ||
|---|---|---|---|
| 001 | 000131935 | ||
| 005 | 20250521000000.0 | ||
| 009 | 20260310095040.748 | ||
| 037 | |a Acervo ITESO - Biblioteca | ||
| 041 | |a ESP | ||
| 082 | |a 972. 65 |b RUZ | ||
| 100 | |a Ruz Menéndez, Rodolfo |e (autor) | ||
| 245 | 1 | 0 | |a Por los viejos caminos del mayab : |b ensayos históricos y literarios / |c R. Ruz Menéndez ; pref. de J. Esquivel Pren. |
| 264 | 1 | |a Mérida, México : |b Universidad de Yucatán, |c 1973 | |
| 300 | |a 317 p. | ||
| 336 | |a texto |b txt |2 rdacontenido | ||
| 337 | |a sin mediación |b n |2 rdamedio | ||
| 338 | |a volumen |b nc |2 rdasoporte | ||
| 520 | |a Colección de 16 ensayos sobre la historia política y sociocultural del estado de Yucatán, que presentan los acontecimientos, personajes, lugares y movimientos más representativos de la región. | ||
| 649 | |a XX | ||
| 650 | |a Ensayos Mexicanos | ||
| 650 | |a Poesía Mexicana - |x Historia y Crítica | ||
| 650 | |a Teatro Mexicano - |x Historia y Crítica | ||
| 650 | |a Literatura Mexicana - |x Historia y Crítica | ||
| 650 | |a Libros - |z Yucatán | ||
| 650 | |a Libros - |z México | ||
| 650 | |a Zonas Arqueológicas - |z Yucatán | ||
| 650 | |a Zonas Arqueológicas - |z México | ||
| 650 | |a Efemérides - |z Yucatán | ||
| 650 | |a Efemérides - |z México | ||
| 650 | |a Familia - |z Yucatán | ||
| 650 | |a Familia - |z México | ||
| 650 | |a Migración - |z Cuba-Yucatán, México - |x Historia | ||
| 650 | |a Esclavitud - |z Yucatán - |x Historia | ||
| 650 | |a Universidades - |z Yucatán - |x Historia | ||
| 650 | |a Educación Superior - |z Yucatán - |x Historia | ||
| 650 | |a Política - |z Yucatán - |x Historia - |y Intervención y Segundo Imperio, 1861-1867 | ||
| 650 | |a Política - |z Yucatán - |x Historia | ||
| 650 | |a Política - |z México - |x Historia - |y Intervención y Segundo Imperio, 1861-1867 | ||
| 650 | |a Política - |z México - |x Historia | ||
| 650 | |a Yucatán - |x Historia - |x Tema Principal | ||
| 650 | |a México - |x Historia | ||
| 650 | |a Yucatán - |x Condiciones Sociales y Culturales | ||
| 650 | |a México - |x Condiciones Sociales y Culturales | ||
| 700 | |a Esquivel Pren, José |e (prefacio) | ||
| 910 | |a Fondo Salvador Reynoso Reynoso | ||
| 920 | |a Impresos - Libros | ||
| 930 | |a Fondos Especiales | ||
| 905 | |a 112 | ||
| 901 | |a 0800012377 |b IT2 |c ESP |u 20250521 | ||
| 902 | |a https://opac.biblio.iteso.mx/vufind/Record/000131935 | ||